[Event "GER-ch U25-C"]
[Site "Willingen"]
[Date "2019.06.12"]
[Round "5"]
[White "Sinka, Silas"]
[Black "Navarro Jahnke, Eric"]
[Result "1-0"]
[WhiteElo "1292"]
[BlackElo "1259"]
[PlyCount "61"]
[EventDate "2019.06.08"]
[EventType "swiss"]
[EventRounds "9"]
[EventCountry "GER"]
[SourceTitle "CBM 191 Extra"]
[Source "ChessBase"]
[SourceDate "2019.09.30"]
[SourceVersion "1"]
[SourceVersionDate "2019.09.30"]
[SourceQuality "1"]

1. d4 d5 2. c4 e6 3. e3 c6 4. Nf3 Nd7 5. b3 Bd6 6. Bb2 f5 7. Ne5 Ngf6 8. Nd2 0-0 9. Ndf3 Ne4 10. c5 Bc7 11. Bc1 Rb8 12. b4 Rf6 13. Bd3 Rh6 14. Bb2 Nxe5 15. Nxe5 Bxe5 16. dxe5 Bd7 17. f3 Qh4+ 18. g3 Nxg3 19. hxg3 Qxg3+ 20. Kd2 Qg2+ 21. Qe2 Qxh1 22. Rxh1 Rxh1 23. f4 Kf7 24. Qg2 Rh6 25. Be2 Rg8 26. Kd3 Ke7 27. Bc3 Rg6 28. Qh3 h5 29. Qh4+ Kf8 30. Qd8+ Be8 31. Bxh5 1-0